[Event "10th EICC"]
[Site "Budva MNE"]
[Date "2009.03.07"]
[Round "2"]
[White "Iljushin,A"]
[Black "Vitiugov,N"]
[Result "1/2-1/2"]
[WhiteElo "2564"]
[BlackElo "2687"]
[EventDate "2009.03.06"]

1. d4 Nf6 2. c4 g6 3. Nc3 Bg7 4. e4 d6 5. f3 O-O 6. Nge2 c5 7. d5 e6 8. Ng3
exd5 9. cxd5 h5 10. Be2 a6 11. O-O Nh7 12. Be3 b5 13. Qd2 h4 14. Nh1 f5 15.
Nf2 Ra7 16. exf5 gxf5 17. Bh6 Bxh6 18. Qxh6 b4 19. Ncd1 Qf6 20. Qd2 f4 21.
Ne4 Qg6 22. Bd3 h3 23. g4 Bxg4 24. fxg4 Qxg4+ 25. Kh1 Rg7 26. Nxd6 f3 27.
Nf5 Qg2+ 28. Qxg2 fxg2+ 29. Kg1 gxf1=Q+ 30. Kxf1 c4 31. Bc2 Rg2 32. Nf2 Nf6
33. Re1 Ng4 34. Nxg4 Rxg4 35. Re2 b3 36. axb3 cxb3 37. Bb1 Rc4 38. Kf2 Rf4+
39. Kg3 R4xf5 40. Bxf5 Rxf5 41. Re8+ Rf8 42. Re3 Nd7 43. Rxb3 Kf7 44. Ra3
Rg8+ 45. Kf4 Rg6 46. Rxh3 Rb6 47. Rh7+ Ke8 48. h4 Rxb2 49. h5 Rf2+ 50. Ke3
Rh2 51. d6 a5 52. h6 Nf6 53. Ra7 Rh5 54. Kd4 Kd8 55. Kc4 Rxh6 56. Rxa5 Kd7
57. Ra7+ Kxd6 58. Ra6+ Ke5 59. Ra5+ Ke4 60. Ra1 Ng4 61. Re1+ Ne3+ 62. Kc5
Rh5+ 63. Kc6 Kd4 64. Rg1 Rc5+ 65. Kd6 Nc4+ 66. Ke6 Rc6+ 67. Ke7 Ne3 68. Kd7
Rh6 69. Ra1 Ke4 70. Re1 Ra6 71. Re2 Kd4 72. Re1 Nf5 73. Rd1+ Ke5 74. Re1+
Kd5 75. Rd1+ Nd4 76. Ke7 Re6+ 77. Kf7 Re4 78. Kf6 Rf4+ 79. Ke7 Rf2 80. Rd3
Re2+ 81. Kd7 Ra2 82. Ke7 Ra7+ 83. Kf6 Ke4 84. Rd1 Ra6+ 85. Kf7 Nf3 86. Ke7
Ke5 87. Kd7 Ra7+ 88. Kc6 Nd4+ 89. Kb6 Ra2 90. Rh1 Rb2+ 91. Kc5 Rc2+ 92. Kb6
Rc6+ 93. Kb7 Rg6 94. Rh5+ Kd6 95. Kb6 Ne6 96. Kb5 Rg4 97. Rh6 Rf4 98. Ka5
Kd5 99. Kb5 Re4 100. Rh5+ Kd6 101. Rh6 Rf4 102. Ka5 1/2-1/2

[Event "10th EICC"]
[Site "Budva MNE"]
[Date "2009.03.07"]
[Round "2"]
[White "Tiviakov,S"]
[Black "Popov,Val"]
[Result "1/2-1/2"]
[WhiteElo "2684"]
[BlackElo "2561"]
[EventDate "2009.03.06"]

1. e4 c6 2. d4 d5 3. Nd2 dxe4 4. Nxe4 Bf5 5. Ng3 Bg6 6. Nh3 Nf6 7. Nf4 e5
8. dxe5 Qa5+ 9. c3 Qxe5+ 10. Qe2 Nbd7 11. Nxg6 hxg6 12. Bf4 Qxe2+ 13. Bxe2
Bc5 14. O-O O-O 15. Rad1 Rfe8 16. Rfe1 a5 17. Kf1 Ne5 18. h3 Nd5 19. Bc1 f5
20. Bb5 Nb6 1/2-1/2

[Event "10th EICC"]
[Site "Budva MNE"]
[Date "2009.03.07"]
[Round "2"]
[White "Sjugirov,S"]
[Black "Cheparinov,I"]
[Result "1-0"]
[WhiteElo "2562"]
[BlackElo "2679"]
[EventDate "2009.03.06"]

1. e4 c6 2. d4 d5 3. e5 Bf5 4. Nf3 e6 5. Be2 c5 6. c3 Nc6 7. O-O cxd4 8.
Nxd4 Nge7 9. Nxf5 Nxf5 10. Bd3 Be7 11. Qe2 g6 12. Nd2 h5 13. Nf3 Nh4 14.
Nxh4 Bxh4 15. f4 Be7 16. Be3 Qc7 17. Kh1 Rd8 18. Rad1 Kf8 19. Qf2 Kg7 20.
f5 exf5 21. Bxf5 gxf5 22. Qxf5 Rh7 23. Rxd5 Kh8 24. Rfd1 Rxd5 25. Rxd5 Qb8
26. Rd7 Qc8 27. e6 f6 28. h3 b6 29. Bf4 Qe8 30. Qd5 Ne5 31. Rxa7 Qc6 32. c4
Rg7 33. Bh6 1-0

[Event "10th EICC"]
[Site "Budva MNE"]
[Date "2009.03.07"]
[Round "2"]
[White "Motylev,A"]
[Black "Nijboer,F"]
[Result "0-1"]
[WhiteElo "2676"]
[BlackElo "2560"]
[EventDate "2009.03.06"]

1. e4 c5 2. Nf3 Nc6 3. d4 cxd4 4. Nxd4 Nf6 5. Nc3 d6 6. Bg5 e6 7. Qd2 a6 8.
O-O-O Bd7 9. f4 b5 10. Bxf6 gxf6 11. Nxc6 Bxc6 12. Qe1 Be7 13. Bd3 Qb6 14.
Kb1 Qc5 15. f5 b4 16. Ne2 a5 17. fxe6 fxe6 18. Nf4 Qe5 19. Qf2 a4 20. Bc4
Bxe4 21. Rhe1 b3 22. Rd4 bxc2+ 23. Kc1 f5 24. Nxe6 a3 25. Rexe4 axb2+ 26.
Kxc2 b1=Q+ 27. Kxb1 Rb8+ 28. Kc1 fxe4 29. Qc2 Rf8 30. Qa4+ Kf7 31. Nxf8+
Kxf8 32. Qa7 Qf4+ 33. Rd2 Rc8 34. Qd4 Bf6 35. Qd5 Qf1+ 0-1

[Event "10th EICC"]
[Site "Budva MNE"]
[Date "2009.03.07"]
[Round "2"]
[White "Neverov,V"]
[Black "Nisipeanu,LD"]
[Result "1/2-1/2"]
[WhiteElo "2560"]
[BlackElo "2675"]
[EventDate "2009.03.06"]

1. d4 Nf6 2. c4 e6 3. Nf3 c5 4. e3 cxd4 5. exd4 d5 6. Nc3 Bb4 7. Bd3 dxc4
8. Bxc4 O-O 9. O-O Nbd7 10. Qb3 Bxc3 11. bxc3 b6 12. Bf4 Bb7 13. Be2 Re8
14. a4 Nh5 15. Be3 Qc7 16. a5 Nf4 1/2-1/2

[Event "10th EICC"]
[Site "Budva MNE"]
[Date "2009.03.07"]
[Round "2"]
[White "Jovanovic,Zo CRO"]
[Black "Timofeev,Arty"]
[Result "1/2-1/2"]
[WhiteElo "2558"]
[BlackElo "2671"]
[EventDate "2009.03.06"]

1. e4 c5 2. Nf3 e6 3. d4 cxd4 4. Nxd4 Nc6 5. Nc3 Qc7 6. f4 a6 7. Nxc6 Qxc6
8. Bd3 b5 9. Qe2 Bb7 10. a3 Be7 11. Bd2 Rc8 12. O-O-O Nf6 13. Rhe1 b4 14.
axb4 Bxb4 15. g4 d6 16. e5 dxe5 17. g5 Nd7 18. Be4 Qc7 19. Bxb7 Qxb7 20.
Ne4 Be7 21. Bc3 O-O 22. Qg2 Rc7 23. fxe5 Rb8 24. Qg3 Nc5 25. Nf6+ Kh8 26.
Rd4 Nb3+ 27. cxb3 Qxb3 28. Kd2 gxf6 29. exf6 Rxc3 30. Qxc3 Bb4 31. Rxb4
Qxb4 32. Qxb4 Rxb4 33. Kc3 Rb5 34. Rd1 Rc5+ 35. Kb4 Rxg5 36. Rd7 h5 37.
Rxf7 Rf5 38. Ra7 Rxf6 39. Rxa6 Rf2 40. Kc3 1/2-1/2

[Event "10th EICC"]
[Site "Budva MNE"]
[Date "2009.03.07"]
[Round "2"]
[White "Volokitin,And"]
[Black "Ruck,R1"]
[Result "1-0"]
[WhiteElo "2671"]
[BlackElo "2558"]
[EventDate "2009.03.06"]

1. e4 c6 2. d4 d5 3. e5 Bf5 4. Nf3 e6 5. Be2 c5 6. Be3 cxd4 7. Nxd4 Ne7 8.
Nd2 Nbc6 9. N2f3 Bg4 10. O-O Bxf3 11. Nxf3 Nf5 12. Bf4 Be7 13. Bd3 Nh4 14.
Nxh4 Bxh4 15. Qg4 g6 16. c4 dxc4 17. Bxc4 h5 18. Qf3 O-O 19. Rad1 Qa5 20.
Qe4 Rfe8 21. Bd2 Qd8 22. Bc1 Qe7 23. Qf4 g5 24. Qe3 Qb4 25. Bd3 g4 26. Qh6
1-0

[Event "10th EICC"]
[Site "Budva MNE"]
[Date "2009.03.07"]
[Round "2"]
[White "Minasian,Art"]
[Black "Tomashevsky,E"]
[Result "0-1"]
[WhiteElo "2557"]
[BlackElo "2664"]
[EventDate "2009.03.06"]

1. Nf3 Nf6 2. g3 d5 3. Bg2 c6 4. d3 Bg4 5. h3 Bh5 6. O-O Nbd7 7. Nbd2 e5 8.
e4 Bd6 9. exd5 cxd5 10. c4 O-O 11. cxd5 Nxd5 12. Qb3 N5f6 13. Nc4 Nc5 14.
Qa3 Bxf3 15. Bxf3 Be7 16. Nxe5 Ncd7 17. Qc3 Rc8 18. Qe1 Re8 19. d4 Bc5 20.
Bxb7 Bxd4 21. Bxc8 Nxe5 22. Bb7 Qb6 23. Bf4 Qxb7 24. Bxe5 Rxe5 25. Qd2 Bb6
26. Rae1 Rf5 27. Kh2 Rf3 28. Re3 Rxe3 29. fxe3 h5 30. Qg2 Qb8 31. Qf3 Qe5
32. Rf2 h4 33. Rc2 Bc7 34. Kg2 hxg3 35. Rd2 a5 36. b3 g6 37. Rd4 Kg7 38. h4
Bb6 39. Rd2 Bxe3 40. Re2 Nd5 41. Qxg3 Qe4+ 0-1

[Event "10th EICC"]
[Site "Budva MNE"]
[Date "2009.03.07"]
[Round "2"]
[White "Milanovic,Da"]
[Black "Sokolov,Iv NED"]
[Result "0-1"]
[WhiteElo "2552"]
[BlackElo "2657"]
[EventDate "2009.03.06"]

1. Nf3 d5 2. c4 c6 3. e3 a6 4. d4 Nf6 5. Bd3 Bg4 6. Qb3 Bxf3 7. gxf3 Ra7 8.
Nc3 e6 9. Bd2 dxc4 10. Bxc4 b5 11. Be2 c5 12. dxc5 Bxc5 13. O-O-O O-O 14.
Kb1 Rd7 15. Bc1 Qc7 16. Rxd7 Nbxd7 17. f4 Qc6 18. Qd1 e5 19. fxe5 Nxe5 20.
Rg1 b4 21. Na4 Ba7 22. Qc2 Qe6 23. Bd1 Neg4 24. Qe2 Qf5+ 25. e4 Nxe4 26.
Bc2 Ngxf2 27. Bh6 Bd4 28. Be3 Qe5 29. Bxf2 Nxf2 30. Qxa6 Qxh2 31. Re1 h5
32. Qc4 Qd6 33. Qe2 g6 34. Bb3 h4 35. Rf1 h3 36. Rxf2 Bxf2 37. Qxf2 h2 38.
Qf3 Kg7 39. a3 bxa3 40. Nc3 Qd2 0-1

[Event "10th EICC"]
[Site "Budva MNE"]
[Date "2009.03.07"]
[Round "2"]
[White "Lenic,L"]
[Black "Postny,E"]
[Result "1/2-1/2"]
[WhiteElo "2548"]
[BlackElo "2652"]
[EventDate "2009.03.06"]

1. d4 d5 2. c4 c6 3. Nf3 Nf6 4. e3 Bg4 5. h3 Bh5 6. Nc3 e6 7. g4 Bg6 8. Ne5
Nbd7 9. Nxg6 hxg6 10. Qb3 Qc7 11. g5 dxc4 12. Bxc4 Nd5 13. Bd2 N7b6 14. Bf1
Be7 15. f4 O-O-O 16. Ne4 f6 17. O-O-O e5 18. gxf6 gxf6 19. fxe5 fxe5 20.
Kb1 exd4 21. exd4 Kb8 22. Rg1 Nf4 23. Bxf4 Qxf4 24. Qg3 Rh4 25. Qxf4+ Rxf4
26. Nc3 g5 27. Rg4 Bf6 28. Be2 Rxg4 29. Bxg4 Rxd4 30. Rxd4 Bxd4 31. Ne4 Be3
32. Nf6 Nc4 33. Kc2 Nd6 34. Kd3 Bc1 35. b3 Kc7 36. Ne4 Nf7 37. Bh5 Ne5+ 38.
Kd4 Nd7 39. Bg4 Bb2+ 40. Kd3 Bc1 41. Kd4 Nb6 42. Ke5 Nd5 43. Kf5 Ne7+ 44.
Kf6 Nd5+ 45. Kf5 Ne7+ 46. Kf6 Nd5+ 47. Kg6 Kb6 48. Nxg5 Ka5 49. Ne6 Nf4+
50. Nxf4 Bxf4 51. a4 Kb4 52. Be6 b5 53. axb5 cxb5 54. Kf5 Bg3 55. Kg4 Be5
56. h4 a5 1/2-1/2

[Event "10th EICC"]
[Site "Budva MNE"]
[Date "2009.03.07"]
[Round "2"]
[White "Berkes,F"]
[Black "Maslak,K"]
[Result "1/2-1/2"]
[WhiteElo "2651"]
[BlackElo "2541"]
[EventDate "2009.03.06"]

1. Nf3 Nf6 2. g3 g6 3. b3 Bg7 4. Bb2 b6 5. Bg2 Bb7 6. O-O c5 7. c4 O-O 8.
Nc3 Ne4 9. Qc2 Nxc3 10. Bxc3 Bxc3 11. Qxc3 d6 12. Rfd1 Nd7 13. d4 cxd4 14.
Rxd4 Nf6 15. Qe3 Kg7 16. Rad1 Qc7 17. Rh4 h5 18. Nd4 Bxg2 19. Nf5+ gxf5 20.
Qg5+ Kh7 21. Rxh5+ Nxh5 22. Qxh5+ Kg7 23. Qg5+ Kh8 24. Qh6+ Kg8 25. Qg5+
Kh8 26. Qh6+ 1/2-1/2

[Event "10th EICC"]
[Site "Budva MNE"]
[Date "2009.03.07"]
[Round "2"]
[White "Evdokimov,Alexa"]
[Black "Predojevic,B"]
[Result "0-1"]
[WhiteElo "2545"]
[BlackElo "2650"]
[EventDate "2009.03.06"]

1. d4 Nf6 2. c4 e6 3. Nf3 c5 4. d5 exd5 5. cxd5 d6 6. Nc3 g6 7. e4 Bg7 8.
h3 O-O 9. Bd3 b5 10. a3 b4 11. axb4 cxb4 12. Nb5 Ba6 13. O-O Bxb5 14. Bxb5
Nxe4 15. Qe1 Ng3 16. fxg3 Qb6+ 17. Kh2 Qxb5 18. Bf4 Re8 19. Qd2 Nd7 20.
Bxd6 a5 21. Bf4 Nc5 22. Rae1 Nd3 23. Rxe8+ Rxe8 24. Bh6 Nf4 25. Rf2 Bxh6
26. gxf4 Rd8 27. Qe3 Qxd5 28. Rd2 Qa8 29. Rxd8+ Qxd8 30. b3 Bg7 31. Ng5 h6
32. Ne4 Qc7 33. Nc5 Kh7 34. h4 Qd8 35. Qg3 Qd5 36. Na4 Bd4 37. Kh3 Qf5+ 38.
Kh2 h5 39. Qf3 Qg4 40. Qxg4 hxg4 0-1

[Event "10th EICC"]
[Site "Budva MNE"]
[Date "2009.03.07"]
[Round "2"]
[White "Cvitan,O"]
[Black "Caruana,F"]
[Result "1/2-1/2"]
[WhiteElo "2542"]
[BlackElo "2646"]
[EventDate "2009.03.06"]

1. d4 Nf6 2. Nf3 e6 3. e3 d5 4. Bd3 b6 5. O-O Bb7 6. b3 Bd6 7. Bb2 O-O 8.
Ne5 c5 9. Nd2 Nc6 10. a3 Rc8 11. Qe2 Ne7 12. Rfd1 Ng6 13. c4 Qc7 14. cxd5
exd5 15. Nef3 Ne4 16. dxc5 Nxc5 17. Rac1 Qd7 18. Bb5 Qe7 19. b4 Ne4 20. Nd4
Qh4 21. h3 Rxc1 22. Rxc1 Bc8 23. N2f3 Qh5 24. Ba6 Bd7 25. Bb5 Bc8 26. Ba6
Bd7 27. Bb5 Bc8 1/2-1/2

[Event "10th EICC"]
[Site "Budva MNE"]
[Date "2009.03.07"]
[Round "2"]
[White "Popov,Iv RUS"]
[Black "Nyback,T"]
[Result "1-0"]
[WhiteElo "2541"]
[BlackElo "2644"]
[EventDate "2009.03.06"]

1. e4 e5 2. Nf3 Nc6 3. Bc4 Bc5 4. c3 Nf6 5. d4 exd4 6. e5 d5 7. Bb5 Ne4 8.
cxd4 Bb4+ 9. Bd2 Nxd2 10. Nbxd2 Bd7 11. O-O O-O 12. a3 Ba5 13. Nb3 Bb6 14.
Re1 Ne7 15. Bd3 Ng6 16. Qd2 Bg4 17. Ng5 h6 18. Nxf7 Kxf7 19. e6+ Bxe6 20.
Bxg6+ Kxg6 21. Rxe6+ Kh7 22. Rae1 Qh4 23. g3 Qh5 24. R1e5 Qf3 25. Re3 Qg4
26. Kg2 Kg8 27. h3 Qh5 28. R6e5 Qg6 29. Qe2 Rad8 30. h4 Rf5 31. h5 Qf7 32.
f4 Rxe5 33. Rxe5 Kf8 34. Qd3 Kg8 35. Qg6 Qxg6 36. hxg6 Kf8 37. a4 a6 38.
Kf3 c6 39. g4 Rd7 40. g5 hxg5 41. Rxg5 Rd6 42. Rf5+ Ke8 43. Re5+ Kf8 44. f5
Rd7 45. Kg4 Re7 46. a5 Bc7 47. Nc5 Rxe5 48. dxe5 Ke7 49. f6+ gxf6 50. e6
1-0

[Event "10th EICC"]
[Site "Budva MNE"]
[Date "2009.03.07"]
[Round "2"]
[White "Mamedov,Rau"]
[Black "Lopez Martinez,Josep"]
[Result "1/2-1/2"]
[WhiteElo "2638"]
[BlackElo "2540"]
[EventDate "2009.03.06"]

1. e4 c6 2. c4 d5 3. exd5 cxd5 4. d4 Nf6 5. Nc3 e6 6. Nf3 Bb4 7. Bd3 dxc4
8. Bxc4 O-O 9. O-O a6 10. Ne5 b5 11. Qf3 Ra7 12. Bd3 Rc7 13. Qh3 g6 14. Bg5
Be7 15. Rad1 Nbd7 16. Bh6 Re8 17. Rfe1 Nb6 18. Ne4 Nxe4 19. Bxe4 Bf8 20.
Rd3 Bb7 21. Bxb7 Rxb7 22. Bxf8 Rxf8 23. Qh6 Qf6 24. Ng4 Qg7 25. Qf4 Nd5 26.
Qd6 Rfb8 27. Rf3 Rb6 28. Qc5 R6b7 29. Ne5 Qf8 30. Qc6 Qb4 31. Kf1 Qxd4 32.
Qxa6 Ra7 33. Qc6 Rc7 34. Qa6 Nb4 35. Qa5 Ra7 36. Rf4 Rxa5 37. Rxd4 Nc2 38.
Nc6 Nxd4 39. Nxa5 Ra8 40. Nb3 Nxb3 41. axb3 Kf8 42. Re5 Rb8 43. b4 Ke7 44.
Rc5 Kd6 45. f4 Rb7 46. Ke2 h5 47. Kd3 Rb8 48. g3 Rb7 49. Kd4 Rb8 50. h3 f6
51. g4 hxg4 52. hxg4 Rb7 53. g5 fxg5 54. fxg5 Rf7 55. Rxb5 Rf4+ 56. Kc3 Rg4
57. Ra5 e5 58. Ra6+ Kd5 59. Rxg6 Rg3+ 60. Kd2 Rb3 61. Rb6 Rxb2+ 62. Ke3 Rg2
63. g6 Rg5 64. Kf3 Rg1 65. b5 e4+ 66. Kf2 Rg5 67. Rc6 Rf5+ 68. Ke3 Rf3+ 69.
Ke2 Rg3 70. Kd2 Rg1 71. Ke3 Rg4 72. Rf6 Ke5 73. Ra6 Rg3+ 74. Kf2 Rg4 75.
Rc6 Kd5 76. Ke3 Rg1 77. Kf4 Rg2 78. Ra6 Rg1 79. Kf5 e3 80. Ra2 Kc5 81. Rb2
Kb6 82. Kf6 Rf1+ 83. Ke7 Rg1 84. Kf7 Rf1+ 85. Ke6 Rg1 86. Kf6 Rf1+ 87. Kg5
Rf2 88. Rb1 Rg2+ 89. Kh6 Rh2+ 90. Kg7 e2 91. Kg8 Rf2 92. Re1 Kxb5 1/2-1/2

[Event "10th EICC"]
[Site "Budva MNE"]
[Date "2009.03.07"]
[Round "2"]
[White "Ragger,M"]
[Black "Navara,D"]
[Result "1-0"]
[WhiteElo "2540"]
[BlackElo "2638"]
[EventDate "2009.03.06"]

1. e4 c5 2. Nf3 e6 3. d4 cxd4 4. Nxd4 Nc6 5. Nc3 a6 6. Be3 Nf6 7. Qd2 Bb4
8. f3 d5 9. O-O-O O-O 10. a3 Be7 11. exd5 Nxd5 12. Nxd5 exd5 13. h4 Re8 14.
Kb1 Bf6 15. Nb3 d4 16. Bg5 Be6 17. Nc5 Bd5 18. Bd3 b6 19. Nxa6 Be7 20. Bxe7
Qxe7 21. Rhe1 Qd6 22. Rxe8+ Rxe8 23. Bb5 Rd8 24. Bxc6 Qxc6 25. Nb4 Qc5 26.
Nxd5 Qxd5 27. Qd3 Qd6 28. g4 1-0

[Event "10th EICC"]
[Site "Budva MNE"]
[Date "2009.03.07"]
[Round "2"]
[White "Kobalia,M"]
[Black "Hera,I"]
[Result "1-0"]
[WhiteElo "2634"]
[BlackElo "2527"]
[EventDate "2009.03.06"]

1. e4 e5 2. Nf3 Nf6 3. d4 Nxe4 4. Bd3 d5 5. dxe5 Be7 6. O-O Nc5 7. Be2 O-O
8. Be3 c6 9. Nbd2 Nba6 10. c3 Nc7 11. Qc2 f5 12. exf6 Rxf6 13. Nd4 N5e6 14.
Bd3 h6 15. f4 c5 16. Nxe6 Bxe6 17. Nf3 d4 18. Bd2 Bd6 19. Rae1 Bf7 20. c4
Qd7 21. f5 Re8 22. g4 Rxe1 23. Rxe1 Be8 24. g5 hxg5 25. Bxg5 Rf8 26. Ne5
Qa4 27. b3 Qb4 28. Qf2 Qc3 29. Bd2 Qb2 30. Nf3 Bc6 31. Ng5 Ne8 32. Re6 Qa1+
33. Be1 Bd7 34. Qh4 Nf6 35. Rxd6 Qd1 36. Be4 Re8 37. Rxf6 1-0

[Event "10th EICC"]
[Site "Budva MNE"]
[Date "2009.03.07"]
[Round "2"]
[White "Fedorchuk,S"]
[Black "Savic,Miod1"]
[Result "1-0"]
[WhiteElo "2633"]
[BlackElo "2525"]
[EventDate "2009.03.06"]

1. e4 d5 2. exd5 Qxd5 3. Nc3 Qa5 4. d4 Nf6 5. Bc4 c6 6. Nge2 Nbd7 7. O-O e6
8. Ng3 Be7 9. Re1 O-O 10. Bb3 Qd8 11. Qf3 a5 12. a3 Nb6 13. Nce2 a4 14. Ba2
c5 15. dxc5 Nbd7 16. Nf4 Nxc5 17. Be3 Qc7 18. Bd4 Rd8 19. Bc3 Qc6 20. Qxc6
bxc6 21. Nf5 Re8 22. Nxe7+ Rxe7 23. Bb4 Nfd7 24. Rad1 Re8 25. Rd6 Na6 26.
Bc3 Nc7 27. Bc4 Nb5 28. Bxb5 cxb5 29. Nh5 f6 30. Rexe6 Rxe6 31. Rxe6 Kf7
32. Rc6 Bb7 33. Rc7 Bc8 34. f4 Kf8 35. Kf2 Kf7 36. g4 Kf8 37. Kg3 g6 38.
Nxf6 Nxf6 39. Bxf6 h5 40. f5 hxg4 41. fxg6 Be6 42. Re7 Bf5 43. Rf7+ Ke8 44.
Bg7 Bc8 45. Rf8+ Ke7 46. Bh6 1-0

[Event "10th EICC"]
[Site "Budva MNE"]
[Date "2009.03.07"]
[Round "2"]
[White "Nepomniachtchi,I"]
[Black "Sanikidze,T"]
[Result "1/2-1/2"]
[WhiteElo "2628"]
[BlackElo "2522"]
[EventDate "2009.03.06"]

1. e4 c5 2. Nf3 d6 3. d4 cxd4 4. Nxd4 Nf6 5. Nc3 Nc6 6. Bc4 e6 7. Be3 a6 8.
Qe2 Qc7 9. O-O-O Na5 10. Bb3 b5 11. f3 Nxb3+ 12. axb3 Be7 13. g4 Bb7 14. g5
Nd7 15. h4 b4 16. Na4 Nc5 17. h5 O-O-O 18. g6 hxg6 19. hxg6 Rxh1 20. Rxh1
Bf6 21. Rd1 e5 22. Nf5 Nxa4 23. gxf7 d5 24. Rxd5 Bxd5 25. Qxa6+ Kb8 26.
exd5 Nc5 27. Qb5+ Nb7 28. Qe8 Rc8 29. c4 1/2-1/2

[Event "10th EICC"]
[Site "Budva MNE"]
[Date "2009.03.07"]
[Round "2"]
[White "Van Wely,L"]
[Black "Berczes,D"]
[Result "1-0"]
[WhiteElo "2625"]
[BlackElo "2513"]
[EventDate "2009.03.06"]

1. c4 Nf6 2. Nc3 e6 3. Nf3 c5 4. g3 b6 5. Bg2 Bb7 6. O-O Be7 7. d4 cxd4 8.
Qxd4 d6 9. Rd1 a6 10. Bg5 Nbd7 11. Qe3 Qc7 12. Bf4 Rd8 13. Rac1 Ng4 14. Qd2
Nde5 15. b3 O-O 16. h3 Nf6 17. g4 h6 18. Qe3 Ng6 19. Bg3 Qc5 20. Qd4 Qxd4
21. Nxd4 Bxg2 22. Kxg2 Rc8 23. f4 e5 24. Nf5 exf4 25. Nxe7+ Nxe7 26. Bxf4
Ng6 27. Bxd6 Rfe8 28. Rd4 Re3 29. Bg3 b5 30. Kf2 Re6 31. Bd6 bxc4 32. bxc4
Ne5 33. c5 Ned7 34. Kf3 Kh7 35. Rdd1 Ne5+ 36. Kf2 Nc4 37. Rd4 Na5 38. Rb4
Rce8 39. Rd1 Nc6 40. Rb6 Re3 41. Rd3 Rxd3 42. exd3 Nd4 43. c6 1-0

[Event "10th EICC"]
[Site "Budva MNE"]
[Date "2009.03.07"]
[Round "2"]
[White "Potkin,V"]
[Black "Nikac,P"]
[Result "1-0"]
[WhiteElo "2613"]
[BlackElo "2395"]
[EventDate "2009.03.06"]

1. d4 f5 2. g3 d6 3. Bg2 g6 4. Nf3 Nf6 5. O-O Bg7 6. c4 O-O 7. Nc3 h6 8.
Rb1 g5 9. d5 c5 10. dxc6 Nxc6 11. b3 Qe8 12. Bb2 f4 13. Nd5 fxg3 14. hxg3
Ng4 15. Bxg7 Kxg7 16. Nh2 Qh5 17. Nxg4 Bxg4 18. Rb2 Rf7 19. Ne3 Bh3 20. Qd5
Rd8 21. b4 e5 22. c5 dxc5 23. Qxc5 Bxg2 24. Kxg2 g4 25. Qc2 Qg5 26. b5 Nd4
27. Qe4 h5 28. a4 Ne6 29. Nc4 Rd4 30. Qxe5+ Qxe5 31. Nxe5 Rf5 32. Nd3 Rxa4
33. b6 a6 34. Rc1 Raa5 35. Rc8 Rf7 36. Rb4 Raf5 37. Re4 R5f6 38. Re5 Kg6
39. Rh8 Nd4 40. Rexh5 1-0

[Event "10th EICC"]
[Site "Budva MNE"]
[Date "2009.03.07"]
[Round "2"]
[White "Novikov,St1"]
[Black "Nikolic,Pr"]
[Result "1/2-1/2"]
[WhiteElo "2523"]
[BlackElo "2623"]
[EventDate "2009.03.06"]

1. e4 e5 2. Nc3 Nf6 3. f4 d6 4. Nf3 exf4 5. d4 Nh5 6. Bc4 g6 7. Ne2 Bh6 8.
g3 Qe7 9. Bd3 Bg4 10. Nxf4 Nxf4 11. gxf4 Qf6 12. O-O Bxf4 13. c3 O-O 14.
Qe1 Bh3 15. Rf2 Nd7 16. Kh1 Bxc1 17. Rxc1 Bg4 18. Qe3 Bxf3+ 19. Rxf3 Qe7
20. Rg1 Kh8 21. Qf4 Rae8 22. Rg4 Rg8 23. Qxf7 Rgf8 24. Qxe7 Rxe7 1/2-1/2

[Event "10th EICC"]
[Site "Budva MNE"]
[Date "2009.03.07"]
[Round "2"]
[White "Saric,A"]
[Black "Khalifman,A"]
[Result "1/2-1/2"]
[WhiteElo "2514"]
[BlackElo "2622"]
[EventDate "2009.03.06"]

1. d4 Nf6 2. c4 e6 3. Nf3 d5 4. g3 Be7 5. Bg2 O-O 6. O-O dxc4 7. Qc2 a6 8.
a4 Bd7 9. Ne5 Bc6 10. Nxc6 Nxc6 11. e3 Na5 12. Nd2 1/2-1/2

[Event "10th EICC"]
[Site "Budva MNE"]
[Date "2009.03.07"]
[Round "2"]
[White "Drazic,S"]
[Black "Lysyj,I"]
[Result "1-0"]
[WhiteElo "2513"]
[BlackElo "2620"]
[EventDate "2009.03.06"]

1. Nf3 Nf6 2. c4 e6 3. Nc3 d5 4. d4 dxc4 5. e3 a6 6. a4 c5 7. Bxc4 Nc6 8.
O-O Be7 9. Qe2 cxd4 10. Rd1 e5 11. exd4 exd4 12. Nxd4 Nxd4 13. Qe5 Qd6 14.
Qxd6 Bxd6 15. Rxd4 Be5 16. Rh4 O-O 17. Bf4 Bxf4 18. Rxf4 Be6 19. Bxe6 fxe6
20. Re1 Rfe8 21. Rb4 Re7 22. Rd4 Rc8 23. g4 e5 24. Rb4 Rc5 25. h3 Nd5 26.
Nxd5 Rxd5 27. Kg2 Kf7 28. Re3 b5 29. axb5 axb5 30. Ra3 Rb7 31. Ra6 Ke7 32.
Re4 Rc7 33. Rb6 Rc4 34. Re3 Rb4 35. Rb7+ Kf6 36. Rf3+ Rf4 37. Ra3 g6 38.
Kg3 Rfd4 39. Raa7 h5 40. Rf7+ Ke6 41. Rg7 hxg4 42. Rxg6+ Kf5 43. Rxg4 Rxg4+
44. hxg4+ Kg5 45. Ra3 e4 46. Rc3 b4 47. Re3 Rd4 48. b3 Kf6 49. Kf4 Rd2 50.
Kxe4 1-0

[Event "10th EICC"]
[Site "Budva MNE"]
[Date "2009.03.07"]
[Round "2"]
[White "Ibarra Jerez,JC"]
[Black "Papaioannou,I"]
[Result "1/2-1/2"]
[WhiteElo "2513"]
[BlackElo "2609"]
[EventDate "2009.03.06"]

1. e4 c5 2. Nf3 d6 3. d4 cxd4 4. Nxd4 Nf6 5. Nc3 e6 6. Be3 Be7 7. f3 O-O 8.
Qd2 e5 9. Nb3 Be6 10. O-O-O a5 11. Kb1 a4 12. Nc1 a3 13. b3 Ra5 14. Nd3 Nc6
15. Qf2 Qc8 16. Bb6 Ra6 17. Nb5 d5 18. Bc5 Bxc5 19. Nxc5 Nd4 20. c3 Qxc5
21. cxd4 Qb6 22. Qd2 dxe4 23. dxe5 e3 24. Qd4 Nd5 25. Rc1 Ra5 26. Qxb6 Nxb6
27. Be2 Bd7 28. Nd6 Rxe5 29. Nxb7 Bf5+ 30. Ka1 g5 31. Nd6 Bg6 32. Rhd1 Rd5
33. Nb5 Ra8 34. g3 Ra5 35. Nc3 Rd2 36. b4 Ra8 37. f4 Rc8 38. Re1 gxf4 39.
gxf4 Rb2 40. Bg4 Rc4 41. h3 Rxf4 42. Rxe3 Rfxb4 43. Ree1 Rd2 44. Bd1 Kg7
45. Bb3 Rh2 46. Re7 Rxh3 47. Ra7 Rf4 48. Nb5 Nc4 49. Ra4 Nd2 50. Rxf4 Rxb3
51. Nc3 Rb7 52. Rd1 Rd7 1/2-1/2

[Event "10th EICC"]
[Site "Budva MNE"]
[Date "2009.03.07"]
[Round "2"]
[White "Lupulescu,C"]
[Black "Prohaszka,P2"]
[Result "1-0"]
[WhiteElo "2608"]
[BlackElo "2512"]
[EventDate "2009.03.06"]

1. e4 c6 2. d4 d5 3. exd5 cxd5 4. Bd3 Nc6 5. c3 Nf6 6. h3 g6 7. Bf4 Bf5 8.
Bxf5 gxf5 9. Ne2 Bg7 10. O-O Ne4 11. Ng3 Nxg3 12. fxg3 Qd7 13. Nd2 O-O 14.
Qe2 Rae8 15. Rae1 f6 16. Be3 e6 17. Bf2 b6 18. c4 dxc4 19. Qxc4 Na5 20. Qe2
Nc6 21. Qc4 Na5 22. Qe2 Nc6 23. Nf3 Nb4 24. Qc4 Nd5 25. Re2 Rc8 26. Qb3 Rc6
27. Be3 Rfc8 28. Rfe1 Qf7 29. Bd2 Bf8 30. Nh4 Bg7 31. g4 fxg4 32. hxg4 1-0

[Event "10th EICC"]
[Site "Budva MNE"]
[Date "2009.03.07"]
[Round "2"]
[White "Dobrov,V"]
[Black "Meier,Geo"]
[Result "0-1"]
[WhiteElo "2510"]
[BlackElo "2608"]
[EventDate "2009.03.06"]

1. d4 e6 2. c4 Nf6 3. Nc3 Bb4 4. Qc2 O-O 5. a3 Bxc3+ 6. Qxc3 b6 7. Nf3 Bb7
8. e3 Ne4 9. Qc2 f5 10. Bd3 d6 11. O-O Nd7 12. b4 Rc8 13. a4 c5 14. dxc5
bxc5 15. b5 Rf6 16. Bb2 Rg6 17. Be2 Rh6 18. g3 Qe7 19. Rad1 Rf8 20. Ne1 e5
21. Bf3 Qf7 22. a5 Ndf6 23. a6 Ba8 24. Qe2 Nd7 25. Bg2 Nb6 26. Rc1 g5 27.
f4 exf4 28. exf4 Re8 29. Qc2 g4 30. Bxe4 Rxe4 31. Qc3 Rd4 32. Nc2 Na4 33.
Qa5 Rxc4 34. Ne3 Re4 35. Qd8+ Re8 36. Nxf5 Rg6 37. Qg5 Qd5 38. Nh6+ Kf8 39.
Qxd5 Bxd5 0-1

[Event "10th EICC"]
[Site "Budva MNE"]
[Date "2009.03.07"]
[Round "2"]
[White "Mikhalevski,V"]
[Black "Cebalo,M"]
[Result "1-0"]
[WhiteElo "2608"]
[BlackElo "2509"]
[EventDate "2009.03.06"]

1. d4 Nf6 2. c4 e6 3. g3 c5 4. d5 exd5 5. cxd5 d6 6. Nc3 g6 7. Bg2 Bg7 8.
Nf3 O-O 9. O-O a6 10. a4 Nbd7 11. Nd2 Re8 12. h3 Rb8 13. Nc4 Nb6 14. Na3
Bd7 15. e4 Qc7 16. Be3 Nxa4 17. Nxa4 Nxe4 18. Nc2 b5 19. Nc3 Nxc3 20. bxc3
Bxc3 21. Rxa6 b4 22. Bf4 Rb6 23. Rxb6 Qxb6 24. Bd2 Be5 25. Ne3 Bd4 26. Re1
Bb5 27. h4 Qa6 28. h5 Qa2 29. Kh2 Re5 30. Ng4 Rxh5+ 31. Kg1 Qb2 32. Re7 b3
33. Rb7 Bc4 34. Nh6+ Rxh6 35. Bxh6 Bxf2+ 36. Kh2 f5 37. Qc1 Qf6 38. Rb8+
Kf7 39. Rf8+ Ke7 40. Rxf6 Kxf6 41. Qg5+ Kf7 42. Qd8 1-0